000 00514nam a22002177a 4500
999 _c160152
_d160152
003 dpl
005 20190116160740.0
008 190116b ||||| |||| 00| 0 eng d
010 _aB-227182
020 _a8189020382
_c250.00
024 _c250.00
035 _aB-227182
040 _c0
050 _aN-GOS
100 _aGoswami, Indira
245 _aThe Man From Chinnamasta
260 _aNew Delhi
_bKatha
_c2006
300 _c186p
942 _2ddc
_cEN
_hN
_mGOS